| 000 | 00756nam a22002057a 4500 | ||
|---|---|---|---|
| 999 |
_c19431 _d19431 |
||
| 003 | AR-CdUCM | ||
| 008 | 190507b ||||| |||| 00| 0 spa d | ||
| 040 |
_aMUNICIPALIDAD PROVINCIAL DEL CUSCO _cBIBLIOTECA MUNICIPAL DEL CUSCO |
||
| 082 |
_a517 / _bM28 |
||
| 100 |
_aMataix Aracil, Carlos. _937151 |
||
| 245 |
_aAnálisis algebraico e infinitesimal : _bCalculo diferencial / |
||
| 260 |
_aMadrid : _bEdit. Dossat, _c1957. |
||
| 300 |
_a583 paginas ; _c25 cm. |
||
| 505 | _aContenido : Métodos infinitesimales -- Teoría de las derivadas y de las diferenciales -- Teoría general de las ecuaciones... | ||
| 650 |
_aMatemática _919387 |
||
| 650 |
_aCalculo diferencial _937153 |
||
| 650 |
_aEcuaciones _919076 |
||
| 942 |
_2ddc _cLIBROS |
||
| 945 | _arcc | ||